[Event "Russian Women's Higher League 2021"]
[Site "?"]
[Date "2021.07.02"]
[Round "6.19"]
[White "Tokmakova, Ulyana"]
[Black "Iljushina, Olga"]
[Result "1-0"]
[WhiteElo "1887"]
[BlackElo "2150"]
[Annotator ""]
[Source ""]
[Remark ""]

1.c4 {[%clk 1:30:55]} c5 {[%clk 1:30:56]} 2.Nf3 {[%clk 1:31:20]}
Nc6 {[%clk 1:31:23]} 3.Nc3 {[%clk 1:31:35]} e5 {[%clk 1:31:31]}
4.g3 {[%clk 1:29:14]} g6 {[%clk 1:31:54]} 5.Bg2 {[%clk 1:29:35]}
Bg7 {[%clk 1:32:22]} 6.O-O {[%clk 1:26:14]} Nge7 {[%clk 1:32:35]}
7.Ne1 {[%clk 1:26:09]} d6 {[%clk 1:28:32]} 8.Nc2 {[%clk 1:22:55]}
h5 {[%clk 1:26:47]} 9.h4 {[%clk 1:15:40]} Be6 {[%clk 1:19:13]}
10.d3 {[%clk 1:10:24]} d5 {[%clk 1:07:07]} 11.cxd5 {[%clk 1:10:40]}
Nxd5 {[%clk 1:07:35]} 12.Ne3 {[%clk 1:05:36]} Nxc3 {[%clk 1:06:34]}
13.bxc3 {[%clk 1:06:00]} g5 {[%clk 0:56:35]} 14.Rb1 {[%clk 0:54:32]}
gxh4 {[%clk 0:50:49]} 15.Rxb7 {[%clk 0:54:01]} Rc8 {[%clk 0:38:51]}
16.Qa4 {[%clk 0:45:02]} Bd7 {[%clk 0:39:06]} 17.Qxh4 {[%clk 0:40:17]}
Qxh4 {[%clk 0:24:57]} 18.gxh4 {[%clk 0:40:46]} Bf6 {[%clk 0:23:04]}
19.Nc4 {[%clk 0:39:27]} Be7 {[%clk 0:21:22]} 20.f4 {[%clk 0:35:22]}
Rg8 {[%clk 0:11:33]} 21.fxe5 {[%clk 0:34:44]} Nd8 {[%clk 0:05:50]}
22.Rxa7 {[%clk 0:33:13]} Rb8 {[%clk 0:05:06]} 23.Kh2 {[%clk 0:21:25]}
Rg4 {[%clk 0:03:04]} 24.Rf4 {[%clk 0:20:01]} Bxh4 {[%clk 0:02:35]}
25.Nd6+ {[%clk 0:19:49]} Kf8 {[%clk 0:02:57]} 26.Rxg4 {[%clk 0:18:06]}
Bxg4 {[%clk 0:03:22]} 27.Be3 {[%clk 0:14:29]} Bxe2 {[%clk 0:03:15]}
28.Bxc5 {[%clk 0:14:48]} Kg8 {[%clk 0:01:57]} 29.Bb4 {[%clk 0:04:59]}
Bxd3 {[%clk 0:01:32]} 30.Bd5 {[%clk 0:05:23]} Bg6 {[%clk 0:01:47]}
31.a4 {[%clk 0:05:15]} Bf2 {[%clk 0:01:04]} 32.Re7 {[%clk 0:05:08]}
h4 {[%clk 0:00:55]} 33.a5 {[%clk 0:04:56]} Bd3 {[%clk 0:00:43]}
34.Nxf7 {[%clk 0:03:44]} Bg3+ {[%clk 0:00:57]} 35.Kg1 {[%clk 0:03:21]}
Nxf7 {[%clk 0:01:01]} 36.Rxf7 {[%clk 0:03:45]} Kh8 {[%clk 0:01:03]}
37.Rf3 {[%clk 0:01:59]} Be2 {[%clk 0:01:03]} 38.Re3 {[%clk 0:02:21]}
Bb5 {[%clk 0:01:16]} 39.e6 {[%clk 0:00:49]} Bf4 {[%clk 0:00:48]}
40.Re4 {[%clk 0:30:58]} Bg5 {[%clk 0:30:43]} 41.e7 {[%clk 0:28:03]}
h3 {[%clk 0:29:52]} 42.Bd6 {[%clk 0:28:07]} Rc8 {[%clk 0:26:38]}
43.c4 {[%clk 0:28:31]} Bd7 {[%clk 0:26:37]} 44.a6 {[%clk 0:28:39]} 1-0

[Event "Russian Women's Higher League 2021"]
[Site "?"]
[Date "2021.07.02"]
[Round "6.20"]
[White "Baisheva, Nyurguiaana"]
[Black "Khokhlova, Daria"]
[Result "0-1"]
[WhiteElo "1782"]
[BlackElo "2148"]
[Annotator ""]
[Source ""]
[Remark ""]

1.c4 e5 {[%clk 1:28:25]} 2.Nc3 {[%clk 1:31:12]} Nf6 {[%clk 1:28:41]}
3.g3 {[%clk 1:31:31]} d5 {[%clk 1:27:03]} 4.cxd5 {[%clk 1:31:43]}
Nxd5 {[%clk 1:27:30]} 5.Bg2 Nb6 6.Nf3 {[%clk 1:29:50]} Nc6 {[%clk 1:25:49]}
7.O-O {[%clk 1:29:19]} Be7 {[%clk 1:07:41]} 8.a3 {[%clk 1:19:21]}
Be6 {[%clk 1:07:41]} 9.b4 {[%clk 1:19:21]} O-O {[%clk 1:07:41]}
10.b5 {[%clk 1:19:21]} Nd4 {[%clk 1:07:41]} 11.Nxd4 {[%clk 1:19:21]}
exd4 {[%clk 1:07:41]} 12.Nb1 {[%clk 1:19:21]} Bd5 {[%clk 1:07:41]}
13.Bxd5 {[%clk 1:19:21]} Qxd5 {[%clk 1:07:41]} 14.a4 {[%clk 1:19:21]}
a6 {[%clk 1:07:41]} 15.Ba3 {[%clk 1:19:21]} Rfe8 {[%clk 1:07:41]}
16.Bxe7 {[%clk 1:19:21]} Rxe7 17.Na3 {[%clk 1:19:21]} axb5 {[%clk 1:07:41]}
18.axb5 {[%clk 1:19:21]} h5 {[%clk 1:07:41]} 19.h4 {[%clk 1:19:21]}
d3 {[%clk 1:07:41]} 20.exd3 {[%clk 1:19:21]} Qxd3 {[%clk 1:07:41]}
21.Qc1 {[%clk 1:15:06]} Nd5 {[%clk 0:40:55]} 22.Qc5 {[%clk 1:14:18]}
Re4 {[%clk 0:36:11]} 23.Nc2 {[%clk 1:04:50]} Rxa1 {[%clk 0:34:40]}
24.Nxa1 {[%clk 1:04:53]} Rc4 {[%clk 0:31:17]} 25.Qa7 {[%clk 1:05:06]}
b6 {[%clk 0:28:16]} 26.Qa6 {[%clk 1:01:11]} Kh7 {[%clk 0:27:35]}
27.Qc8 {[%clk 1:00:25]} Qf3 {[%clk 0:22:25]} 28.Kh2 {[%clk 0:59:17]}
Nf6 {[%clk 0:22:18]} 29.Qh3 {[%clk 0:58:15]} Rc5 {[%clk 0:19:55]}
30.Kg1 {[%clk 0:56:33]} Ng4 {[%clk 0:18:50]} 31.Qg2 {[%clk 0:56:40]}
Qxg2+ {[%clk 0:18:50]} 32.Kxg2 {[%clk 0:57:05]} Rxb5 {[%clk 0:19:02]}
33.Nc2 {[%clk 0:56:11]} Rb2 {[%clk 0:18:22]} 34.Rc1 {[%clk 0:56:22]}
c5 {[%clk 0:17:48]} 35.Ne3 {[%clk 0:56:38]} Rxd2 {[%clk 0:17:32]}
36.Nxg4 {[%clk 0:56:44]} hxg4 {[%clk 0:18:01]} 37.Rb1 {[%clk 0:57:03]}
Rd6 {[%clk 0:18:09]} 38.Kf1 {[%clk 0:57:19]} Re6 {[%clk 0:18:13]}
39.Rb2 {[%clk 0:57:18]} f5 {[%clk 0:18:33]} 40.Kg2 {[%clk 1:27:28]}
Kg6 {[%clk 0:48:34]} 41.f3 {[%clk 1:27:52]} gxf3+ {[%clk 0:49:01]}
42.Kxf3 {[%clk 1:28:18]} Kf6 {[%clk 0:48:33]} 43.Kf4 {[%clk 1:28:41]}
c4 {[%clk 0:46:43]} 44.Rb5 {[%clk 1:28:53]} c3 {[%clk 0:45:12]}
45.Rb1 {[%clk 1:28:50]} c2 {[%clk 0:45:20]} 46.Rc1 {[%clk 1:29:15]}
Rc6 {[%clk 0:45:31]} 47.Ke3 {[%clk 1:29:41]} b5 {[%clk 0:45:55]}
48.Kd4 Ke5 0-1

[Event "Russian Women's Higher League 2021"]
[Site "?"]
[Date "2021.07.02"]
[Round "6.21"]
[White "Karmanova, Olga Dm."]
[Black "Tomilova, Elena"]
[Result "1-0"]
[WhiteElo "2053"]
[BlackElo "2353"]
[Annotator ""]
[Source ""]
[Remark ""]

1.d4 {[%clk 1:30:58]} Nf6 {[%clk 1:30:53]} 2.c4 {[%clk 1:31:23]}
e6 {[%clk 1:31:19]} 3.g3 {[%clk 1:31:48]} c5 {[%clk 1:31:32]}
4.d5 {[%clk 1:32:09]} exd5 {[%clk 1:31:55]} 5.cxd5 {[%clk 1:32:34]}
b5 {[%clk 1:32:18]} 6.e4 {[%clk 1:33:01]} Nxe4 {[%clk 1:32:21]}
7.Bg2 {[%clk 1:33:26]} Nd6 {[%clk 1:31:01]} 8.Bf4 {[%clk 1:32:13]}
Be7 {[%clk 1:29:13]} 9.Nf3 {[%clk 1:31:12]} O-O {[%clk 1:28:18]}
10.O-O {[%clk 1:31:29]} a5 {[%clk 1:22:09]} 11.Qc2 {[%clk 1:17:39]}
Na6 {[%clk 1:16:38]} 12.Nc3 {[%clk 1:12:56]} b4 {[%clk 1:04:54]}
13.Bxd6 {[%clk 1:08:08]} Bxd6 {[%clk 1:02:45]} 14.Ne4 {[%clk 1:05:10]}
Qc7 {[%clk 1:03:06]} 15.Nfd2 {[%clk 1:02:13]} f5 {[%clk 1:02:44]}
16.Nxd6 {[%clk 1:01:23]} Qxd6 {[%clk 1:03:12]} 17.Nc4 {[%clk 1:01:44]}
Qf6 {[%clk 1:03:00]} 18.d6 {[%clk 0:55:03]} Rb8 {[%clk 0:58:48]}
19.b3 {[%clk 0:46:20]} a4 {[%clk 0:52:57]} 20.bxa4 {[%clk 0:39:25]}
b3 {[%clk 0:51:31]} 21.axb3 {[%clk 0:39:22]} Nb4 {[%clk 0:51:53]}
22.Qc1 {[%clk 0:36:33]} Ba6 {[%clk 0:50:55]} 23.Rd1 {[%clk 0:31:40]}
Rfe8 {[%clk 0:46:49]} 24.Bf3 {[%clk 0:29:22]} g5 {[%clk 0:44:34]}
25.a5 {[%clk 0:24:38]} g4 {[%clk 0:35:01]} 26.Bg2 {[%clk 0:22:20]}
Re2 {[%clk 0:32:48]} 27.Bf1 {[%clk 0:20:27]} Rc2 {[%clk 0:14:16]}
28.Qf4 {[%clk 0:19:21]} Nc6 {[%clk 0:07:54]} 29.Ne3 {[%clk 0:16:26]}
Bxf1 {[%clk 0:06:03]} 30.Kxf1 {[%clk 0:16:24]} Nd4 {[%clk 0:03:02]}
31.Rxd4 {[%clk 0:12:24]} cxd4 {[%clk 0:03:17]} 32.Nxc2 {[%clk 0:12:49]}
d3 {[%clk 0:03:22]} 33.Qd4 {[%clk 0:12:31]} Qe6 {[%clk 0:03:41]}
34.Qxd3 {[%clk 0:10:42]} Rxb3 {[%clk 0:03:58]} 35.Nd4 {[%clk 0:10:29]}
Rxd3 {[%clk 0:03:58]} 36.Nxe6 {[%clk 0:10:54]} dxe6 {[%clk 0:04:16]}
37.a6 {[%clk 0:11:21]} Rxd6 {[%clk 0:04:40]} 38.a7 {[%clk 0:11:47]} 1-0

[Event "Russian Women's Higher League 2021"]
[Site "?"]
[Date "2021.07.02"]
[Round "6.22"]
[White "Kuznetsova, Marina"]
[Black "Miroshnik, Ekaterina"]
[Result "1/2-1/2"]
[WhiteElo "1964"]
[BlackElo "2234"]
[Annotator ""]
[Source ""]
[Remark ""]

1.e4 {[%clk 1:30:59]} e5 {[%clk 1:30:56]} 2.Nf3 {[%clk 1:31:24]}
Nc6 {[%clk 1:31:22]} 3.Bb5 {[%clk 1:31:50]} a6 4.Ba4 Nf6 {[%clk 1:30:58]}
5.d3 {[%clk 1:32:36]} b5 {[%clk 1:30:52]} 6.Bb3 {[%clk 1:33:01]}
Be7 {[%clk 1:31:20]} 7.O-O {[%clk 1:31:13]} O-O {[%clk 1:31:44]}
8.Nc3 d6 9.a3 {[%clk 1:29:42]} Bg4 10.Be3 {[%clk 1:29:42]} Nd4
11.Bxd4 {[%clk 1:29:42]} exd4 12.Nd5 c5 13.a4 {[%clk 1:20:54]}
Nxd5 {[%clk 0:51:14]} 14.Bxd5 {[%clk 1:20:31]} Rb8 {[%clk 0:51:10]}
15.axb5 {[%clk 1:14:03]} axb5 {[%clk 0:51:36]} 16.Ra7 {[%clk 1:13:32]}
Bf6 {[%clk 0:34:11]} 17.Qe2 {[%clk 1:02:06]} Qc8 {[%clk 0:28:29]}
18.h3 {[%clk 0:54:49]} Be6 {[%clk 0:27:10]} 19.Nd2 {[%clk 0:54:43]}
Re8 {[%clk 0:26:22]} 20.Qf3 {[%clk 0:40:36]} c4 {[%clk 0:20:50]}
21.e5 {[%clk 0:22:00]} dxe5 {[%clk 0:16:36]} 22.dxc4 {[%clk 0:20:54]}
bxc4 {[%clk 0:10:16]} 23.Nxc4 {[%clk 0:19:51]} Qc5 {[%clk 0:06:49]}
24.Ra5 {[%clk 0:18:41]} Bxd5 {[%clk 0:05:50]} 25.Rxc5 {[%clk 0:14:11]}
Bxf3 {[%clk 0:06:15]} 26.gxf3 {[%clk 0:14:34]} Rec8 {[%clk 0:04:21]}
27.Rxc8+ {[%clk 0:14:02]} Rxc8 {[%clk 0:04:49]} 28.b3 {[%clk 0:13:44]}
g6 {[%clk 0:03:42]} 29.Re1 {[%clk 0:10:51]} Rc5 {[%clk 0:03:39]}
30.Kf1 {[%clk 0:10:23]} Bg7 {[%clk 0:02:51]} 31.Ke2 {[%clk 0:09:16]}
f5 {[%clk 0:02:48]} 32.Kd3 {[%clk 0:09:38]} Rb5 {[%clk 0:02:10]}
33.Ra1 {[%clk 0:06:58]} Rb8 {[%clk 0:01:57]} 34.Re1 {[%clk 0:06:28]}
Rb5 {[%clk 0:02:10]} 35.Nd6 {[%clk 0:05:30]} Rb6 {[%clk 0:01:31]}
36.Nc4 {[%clk 0:05:43]} Rb5 {[%clk 0:01:16]} 37.Nb2 {[%clk 0:03:23]}
Rc5 {[%clk 0:01:17]} 38.Nc4 {[%clk 0:03:11]} Rb5 {[%clk 0:01:14]}
39.Ke4 1/2-1/2

[Event "Russian Women's Higher League 2021"]
[Site "?"]
[Date "2021.07.02"]
[Round "6.23"]
[White "Kostornichenko, Yana"]
[Black "Filippova, Margarita"]
[Result "1-0"]
[WhiteElo "1773"]
[BlackElo "2075"]
[Annotator ""]
[Source ""]
[Remark ""]

1.e4 {[%clk 1:30:58]} g6 {[%clk 1:30:57]} 2.d4 {[%clk 1:31:16]}
Bg7 {[%clk 1:31:23]} 3.Bc4 {[%clk 1:29:23]} e6 {[%clk 1:31:43]}
4.Nf3 {[%clk 1:28:53]} a6 {[%clk 1:31:05]} 5.a4 {[%clk 1:28:48]}
Ne7 {[%clk 1:31:07]} 6.O-O {[%clk 1:27:07]} d6 {[%clk 1:29:30]}
7.Be3 {[%clk 1:25:11]} Nd7 {[%clk 1:29:27]} 8.c3 {[%clk 1:24:19]}
O-O {[%clk 1:29:29]} 9.Qd2 {[%clk 1:23:17]} Nf6 {[%clk 1:25:55]}
10.e5 {[%clk 1:18:05]} Nfd5 {[%clk 1:22:08]} 11.Bh6 {[%clk 1:14:37]}
Bd7 {[%clk 1:19:51]} 12.Bxg7 {[%clk 1:10:21]} Kxg7 {[%clk 1:20:17]}
13.a5 {[%clk 1:08:24]} Bc6 {[%clk 1:17:37]} 14.Be2 {[%clk 1:05:08]}
b5 {[%clk 1:09:21]} 15.axb6 {[%clk 1:02:48]} Nxb6 {[%clk 1:09:42]}
16.b4 {[%clk 0:57:17]} Nf5 {[%clk 1:01:59]} 17.Na3 {[%clk 0:55:43]}
f6 {[%clk 0:57:35]} 18.Rfd1 {[%clk 0:45:07]} Qe7 {[%clk 0:55:02]}
19.c4 {[%clk 0:39:18]} Kg8 {[%clk 0:45:59]} 20.exd6 {[%clk 0:33:18]}
cxd6 {[%clk 0:45:59]} 21.Qc3 {[%clk 0:31:59]} Rfc8 {[%clk 0:45:20]}
22.Qd3 {[%clk 0:17:48]} Ra7 {[%clk 0:38:01]} 23.c5 {[%clk 0:15:14]}
Nd5 {[%clk 0:37:46]} 24.Qd2 {[%clk 0:15:19]} g5 {[%clk 0:35:02]}
25.Nc4 {[%clk 0:11:11]} Nf4 {[%clk 0:32:38]} 26.Nb6 {[%clk 0:10:02]}
Rd8 {[%clk 0:31:36]} 27.Qc2 {[%clk 0:06:55]} Qb7 {[%clk 0:28:34]}
28.Ra3 {[%clk 0:05:52]} h5 {[%clk 0:25:04]} 29.Bf1 {[%clk 0:04:11]}
g4 {[%clk 0:19:32]} 30.Ne1 {[%clk 0:04:31]} Be4 {[%clk 0:18:07]}
31.Qc1 {[%clk 0:03:51]} Nd5 {[%clk 0:13:37]} 32.Nxd5 {[%clk 0:03:54]}
Bxd5 {[%clk 0:14:00]} 33.Qc3 {[%clk 0:04:00]} Rb8 {[%clk 0:09:09]}
34.Rb1 {[%clk 0:04:22]} Bc6 {[%clk 0:07:52]} 35.Ra5 {[%clk 0:03:57]}
Kf7 {[%clk 0:06:48]} 36.Nc2 {[%clk 0:04:01]} Nh4 {[%clk 0:04:34]}
37.Qg3 {[%clk 0:04:13]} Nf5 {[%clk 0:04:58]} 38.Qc3 {[%clk 0:03:36]}
h4 {[%clk 0:04:12]} 39.Rba1 {[%clk 0:02:02]} Rba8 {[%clk 0:03:13]}
40.Qa3 {[%clk 0:31:51]} Be4 {[%clk 0:31:03]} 41.Bxa6 {[%clk 0:21:57]}
Qb8 {[%clk 0:23:39]} 42.Bd3 {[%clk 0:17:02]} Rxa5 {[%clk 0:23:47]}
43.bxa5 {[%clk 0:15:23]} Qb7 {[%clk 0:18:11]} 44.a6 {[%clk 0:12:43]}
Qd5 {[%clk 0:18:34]} 45.Bxe4 {[%clk 0:12:48]} Qxe4 {[%clk 0:19:02]}
46.Qb3 {[%clk 0:08:49]} Kg6 {[%clk 0:15:14]} 47.Qb7 {[%clk 0:06:39]}
Qxc2 {[%clk 0:15:39]} 48.Qxa8 {[%clk 0:07:00]} h3 {[%clk 0:15:47]}
49.Qe8+ {[%clk 0:05:39]} Kg5 {[%clk 0:15:55]} 50.gxh3 {[%clk 0:04:00]}
Qc3 {[%clk 0:14:25]} 51.Qg8+ {[%clk 0:03:45]} Kh6 {[%clk 0:14:37]}
52.Rf1 {[%clk 0:03:21]} Ne3 {[%clk 0:13:59]} 53.a7 {[%clk 0:01:54]}
Nxf1 {[%clk 0:13:39]} 54.a8Q {[%clk 0:02:02]} Ne3 {[%clk 0:13:40]}
55.Qaf8+ {[%clk 0:02:20]} Kh5 {[%clk 0:14:06]} 56.Qff7+ {[%clk 0:02:39]}
Kh4 {[%clk 0:14:25]} 57.Qfh7# {[%clk 0:03:02]} 1-0

[Event "Russian Women's Higher League 2021"]
[Site "?"]
[Date "2021.07.02"]
[Round "6.24"]
[White "Nikolaeva, Nadezhda"]
[Black "Plekhanova, Ekaterina"]
[Result "1/2-1/2"]
[WhiteElo "1839"]
[BlackElo "1858"]
[Annotator ""]
[Source ""]
[Remark ""]

1.d4 {[%clk 1:30:58]} d5 {[%clk 1:30:55]} 2.c4 {[%clk 1:31:22]}
e6 {[%clk 1:31:22]} 3.Nc3 {[%clk 1:31:44]} dxc4 {[%clk 1:31:47]}
4.e3 {[%clk 1:31:57]} a6 {[%clk 1:31:45]} 5.Bxc4 {[%clk 1:31:57]}
b5 {[%clk 1:31:45]} 6.Be2 {[%clk 1:31:57]} Bb7 {[%clk 1:32:47]}
7.Bf3 {[%clk 1:32:26]} Bxf3 {[%clk 1:30:41]} 8.Nxf3 {[%clk 1:32:47]}
Nf6 {[%clk 1:30:59]} 9.O-O {[%clk 1:32:59]} c5 10.b3 {[%clk 1:18:59]}
Be7 {[%clk 0:50:22]} 1/2-1/2

[Event "Russian Women's Higher League 2021"]
[Site "?"]
[Date "2021.07.02"]
[Round "6.25"]
[White "Khmeleva, Anna"]
[Black "Asatryan, Maria"]
[Result "0-1"]
[WhiteElo "1640"]
[BlackElo "1621"]
[Annotator ""]
[Source ""]
[Remark ""]

1.e4 {[%clk 1:30:58]} c5 {[%clk 1:30:55]} 2.d4 {[%clk 1:31:23]}
cxd4 {[%clk 1:31:21]} 3.c3 {[%clk 1:31:49]} Nf6 {[%clk 1:31:45]}
4.e5 {[%clk 1:32:13]} Nd5 {[%clk 1:32:11]} 5.cxd4 {[%clk 1:32:38]}
d6 {[%clk 1:32:37]} 6.Nf3 {[%clk 1:33:02]} Nc6 {[%clk 1:32:55]}
7.Be2 {[%clk 1:32:56]} g6 {[%clk 1:32:55]} 8.O-O {[%clk 1:31:39]}
Bg7 {[%clk 1:32:14]} 9.exd6 {[%clk 1:30:11]} Qxd6 {[%clk 1:32:36]}
10.Nc3 {[%clk 1:30:33]} O-O {[%clk 1:31:47]} 11.Be3 {[%clk 1:30:51]}
Rd8 {[%clk 1:25:05]} 12.Qd2 {[%clk 1:29:57]} Bf5 {[%clk 1:21:17]}
13.Nh4 {[%clk 1:29:39]} Be6 {[%clk 1:12:49]} 14.Rfd1 {[%clk 1:29:08]}
Rac8 {[%clk 1:11:11]} 15.Rac1 {[%clk 1:29:01]} Nxe3 {[%clk 1:06:29]}
16.fxe3 {[%clk 1:29:00]} Bh6 {[%clk 1:06:36]} 17.Nf3 {[%clk 1:28:05]}
Bg4 {[%clk 1:05:33]} 18.Kf2 {[%clk 1:26:40]} Bxf3 {[%clk 0:59:11]}
19.Bxf3 {[%clk 1:25:56]} Nxd4 {[%clk 0:57:14]} 20.Ne4 {[%clk 1:22:14]}
Qb8 {[%clk 0:56:19]} 21.Rxc8 {[%clk 1:20:49]} Qxc8 {[%clk 0:56:42]}
22.Nc3 {[%clk 1:17:28]} Ne6 {[%clk 0:51:53]} 23.Nd5 {[%clk 1:16:10]}
Qc5 {[%clk 0:50:58]} 24.b4 {[%clk 1:15:26]} Qd6 {[%clk 0:49:55]}
25.Qc2 {[%clk 1:15:14]} Qxh2 {[%clk 0:45:07]} 26.Nxe7+ {[%clk 1:14:54]}
Kf8 {[%clk 0:45:25]} 27.Rxd8+ {[%clk 1:11:27]} Nxd8 {[%clk 0:45:49]}
28.Nd5 {[%clk 1:10:46]} Qd6 {[%clk 0:42:17]} 29.e4 {[%clk 1:06:13]}
Nc6 {[%clk 0:38:30]} 30.b5 {[%clk 1:06:06]} Nd4 {[%clk 0:36:58]}
31.Qc3 {[%clk 1:04:37]} Qe5 {[%clk 0:36:03]} 32.Qc8+ {[%clk 1:04:05]}
Kg7 {[%clk 0:35:23]} 33.Nc7 {[%clk 1:02:51]} Nxf3 {[%clk 0:17:26]}
34.gxf3 {[%clk 1:00:58]} Qh2+ {[%clk 0:16:01]} 35.Ke1 {[%clk 0:58:56]}
Qg1+ {[%clk 0:13:22]} 36.Ke2 {[%clk 0:59:24]} Qe3+ {[%clk 0:13:43]}
37.Kf1 {[%clk 0:59:46]} Qxf3+ {[%clk 0:14:09]} 38.Ke1 {[%clk 0:57:59]}
Qxe4+ {[%clk 0:14:32]} 39.Kf1 {[%clk 0:56:40]} Qb1+ {[%clk 0:13:04]}
40.Ke2 {[%clk 1:26:55]} Qxa2+ {[%clk 0:43:29]} 41.Kd3 {[%clk 1:27:17]}
Qb3+ {[%clk 0:43:42]} 42.Kd4 {[%clk 1:26:49]} Be3+ {[%clk 0:43:39]}
43.Ke5 {[%clk 1:26:21]} Qc3+ {[%clk 0:40:08]} 44.Ke4 {[%clk 1:25:32]}
f5+ {[%clk 0:39:59]} 45.Kd5 {[%clk 1:25:43]} Qd4+ {[%clk 0:39:29]}
46.Ke6 {[%clk 1:26:01]} Qe4+ {[%clk 0:39:29]} 47.Kd7 {[%clk 1:25:51]}
Kf7 {[%clk 0:38:50]} 48.Kd6 {[%clk 1:24:45]} Qd4+ {[%clk 0:37:51]}
49.Nd5 {[%clk 1:24:59]} Bf4+ 0-1

[Event "Russian Women's Higher League 2021"]
[Site "?"]
[Date "2021.07.03"]
[Round "7.1"]
[White "Charochkina, Daria"]
[Black "Guseva, Marina"]
[Result "0-1"]
[WhiteElo "2333"]
[BlackElo "2386"]
[Annotator ""]
[Source ""]
[Remark ""]

1.e4 {[%clk 1:30:58]} c6 {[%clk 1:30:23]} 2.d4 {[%clk 1:31:22]}
d5 {[%clk 1:30:49]} 3.f3 {[%clk 1:31:47]} e6 {[%clk 1:31:07]}
4.Nc3 {[%clk 1:32:05]} Bb4 {[%clk 1:31:29]} 5.a3 {[%clk 1:32:20]}
Bxc3+ {[%clk 1:22:17]} 6.bxc3 {[%clk 1:32:29]} b6 {[%clk 1:22:39]}
7.a4 {[%clk 1:25:56]} Ne7 {[%clk 1:23:04]} 8.Ba3 {[%clk 1:18:52]}
O-O {[%clk 1:21:20]} 9.Bd3 {[%clk 1:18:07]} Qc7 {[%clk 1:13:48]}
10.c4 {[%clk 0:56:28]} Rd8 {[%clk 0:48:13]} 11.cxd5 {[%clk 0:37:47]}
cxd5 {[%clk 0:41:13]} 12.Ne2 {[%clk 0:36:37]} Ba6 {[%clk 0:40:50]}
13.O-O {[%clk 0:36:10]} Bxd3 {[%clk 0:32:59]} 14.Qxd3 {[%clk 0:36:34]}
Nbc6 {[%clk 0:33:23]} 15.c4 {[%clk 0:34:49]} dxc4 {[%clk 0:27:20]}
16.Qxc4 {[%clk 0:35:13]} Qd7 {[%clk 0:27:46]} 17.Rfd1 {[%clk 0:34:56]}
Rac8 {[%clk 0:26:02]} 18.Qb5 {[%clk 0:32:39]} Na5 {[%clk 0:25:40]}
19.Rac1 {[%clk 0:30:46]} Rxc1 {[%clk 0:21:43]} 20.Rxc1 {[%clk 0:30:50]}
h6 {[%clk 0:22:06]} 21.h4 {[%clk 0:26:28]} Qb7 {[%clk 0:20:54]}
22.h5 {[%clk 0:18:36]} a6 {[%clk 0:20:24]} 23.Qb2 {[%clk 0:18:17]}
Nec6 {[%clk 0:20:02]} 24.Rc2 {[%clk 0:14:20]} Qd7 {[%clk 0:14:53]}
25.Qxb6 {[%clk 0:03:41]} Nxd4 {[%clk 0:15:18]} 26.Nxd4 {[%clk 0:03:41]}
Qxd4+ {[%clk 0:15:44]} 27.Qxd4 {[%clk 0:04:09]} Rxd4 {[%clk 0:16:10]}
28.Rc8+ {[%clk 0:04:38]} Kh7 {[%clk 0:16:35]} 29.Bf8 {[%clk 0:03:39]}
Rxa4 {[%clk 0:15:53]} 30.g4 {[%clk 0:02:03]} Nc4 {[%clk 0:12:01]}
31.Kf2 {[%clk 0:02:13]} Ra2+ {[%clk 0:04:21]} 32.Kg3 {[%clk 0:02:30]}
Nd2 {[%clk 0:04:30]} 33.Kf4 {[%clk 0:01:01]} e5+ {[%clk 0:04:19]}
34.Kxe5 {[%clk 0:01:01]} Nxf3+ {[%clk 0:04:40]} 35.Kf4 {[%clk 0:01:12]}
Ng5 {[%clk 0:04:53]} 36.Ke3 {[%clk 0:00:43]} Rg2 {[%clk 0:04:45]}
37.Kf4 {[%clk 0:01:11]} Rf2+ {[%clk 0:04:17]} 38.Ke5 {[%clk 0:01:07]}
Rg2 {[%clk 0:02:30]} 39.Kf4 {[%clk 0:00:58]} Rf2+ {[%clk 0:01:53]}
40.Ke5 {[%clk 0:31:11]} f6+ {[%clk 0:30:48]} 41.Kd4 {[%clk 0:13:07]}
Rf4 0-1

[Event "Russian Women's Higher League 2021"]
[Site "?"]
[Date "2021.07.03"]
[Round "7.2"]
[White "Bodnaruk, Anastasia"]
[Black "Protopopova, Anastasiya"]
[Result "1-0"]
[WhiteElo "2446"]
[BlackElo "2286"]
[Annotator ""]
[Source ""]
[Remark ""]

1.e4 {[%clk 1:30:58]} c6 {[%clk 1:30:49]} 2.d4 {[%clk 1:31:13]}
d5 {[%clk 1:31:11]} 3.e5 {[%clk 1:31:38]} Bf5 {[%clk 1:31:37]}
4.g4 {[%clk 1:30:22]} Be4 {[%clk 1:32:01]} 5.f3 {[%clk 1:30:47]}
Bg6 {[%clk 1:32:27]} 6.e6 {[%clk 1:30:32]} fxe6 {[%clk 1:32:49]}
7.h4 {[%clk 1:30:13]} h5 {[%clk 1:32:43]} 8.Bd3 {[%clk 1:29:11]}
Bxd3 {[%clk 1:32:57]} 9.Qxd3 {[%clk 1:29:38]} Qd6 {[%clk 1:33:05]}
10.Ne2 {[%clk 1:24:50]} e5 {[%clk 1:24:15]} 11.dxe5 {[%clk 1:21:13]}
Qxe5 {[%clk 1:24:28]} 12.Qg6+ {[%clk 1:05:31]} Kd7 {[%clk 1:07:04]}
13.Nbc3 {[%clk 1:04:36]} Qd6 {[%clk 0:57:57]} 14.Nf4 {[%clk 0:52:53]}
Na6 {[%clk 0:50:47]} 15.g5 {[%clk 0:40:21]} e6 {[%clk 0:47:36]}
16.Rh2 {[%clk 0:32:55]} Nc7 {[%clk 0:32:56]} 17.Re2 {[%clk 0:30:22]}
Re8 {[%clk 0:31:32]} 18.Be3 {[%clk 0:21:39]} Qb4 {[%clk 0:19:57]}
19.O-O-O {[%clk 0:17:27]} Bd6 {[%clk 0:20:05]} 20.Rd4 {[%clk 0:12:31]}
Ne7 {[%clk 0:20:00]} 21.Qxg7 {[%clk 0:09:43]} Reg8 {[%clk 0:10:27]}
22.Qf6 {[%clk 0:10:02]} Qb6 {[%clk 0:09:59]} 23.Rxd5 {[%clk 0:08:53]}
Nexd5 {[%clk 0:09:16]} 24.Ncxd5 {[%clk 0:06:47]} Qa5 {[%clk 0:07:59]}
25.Nxc7 {[%clk 0:06:20]} Kxc7 {[%clk 0:08:06]} 26.Nxe6+ {[%clk 0:05:26]}
Kb8 {[%clk 0:08:22]} 27.Bf4 {[%clk 0:04:45]} Bxf4+ {[%clk 0:06:50]}
28.Qxf4+ {[%clk 0:05:14]} Kc8 {[%clk 0:04:14]} 29.Qe5 {[%clk 0:03:58]}
Qxe5 {[%clk 0:04:30]} 30.Rxe5 {[%clk 0:04:27]} Kd7 {[%clk 0:03:00]}
31.f4 {[%clk 0:04:56]} Kd6 {[%clk 0:03:25]} 32.Re3 {[%clk 0:04:15]}
Rh7 {[%clk 0:03:06]} 33.Nd4 {[%clk 0:02:00]} Rf7 {[%clk 0:02:54]}
34.Ne2 {[%clk 0:02:10]} b5 {[%clk 0:00:55]} 35.Kd2 {[%clk 0:02:01]}
b4 {[%clk 0:00:55]} 36.Re4 {[%clk 0:01:57]} c5 {[%clk 0:00:42]}
37.Ng3 {[%clk 0:01:52]} Kd5 {[%clk 0:00:48]} 38.Ke3 {[%clk 0:01:52]}
Rh8 {[%clk 0:00:33]} 39.Re5+ {[%clk 0:01:51]} Kc4 {[%clk 0:00:38]}
40.Ne4 {[%clk 0:32:02]} 1-0